The search for Christian credibility; (Record no. 419)

MARC details
000 -LEADER
fixed length control field 00735nam a2200241 4500
001 - CONTROL NUMBER
control field 1735776
003 - CONTROL NUMBER IDENTIFIER
control field GBCCL
005 - DATE AND TIME OF LATEST TRANSACTION
control field 20241126110337.0
008 - FIXED-LENGTH DATA ELEMENTS--GENERAL INFORMATION
fixed length control field 710528s1971 tnu b 001 0 eng
010 ## -
-- 74148069
020 ## - INTERNATIONAL STANDARD BOOK NUMBER
International Standard Book Number 068737121X
040 ## - CATALOGING SOURCE
Original cataloging agency DLC
Transcribing agency DLC
Modifying agency DLC
050 00 -
-- BT75.2
-- .P67
082 00 - DEWEY DECIMAL CLASSIFICATION NUMBER
Classification number 230
Item number POR
100 1# - MAIN ENTRY--PERSONAL NAME
Personal name Porteous, Alvin C.,
Dates associated with a name 1922-
9 (RLIN) 597
245 14 - TITLE STATEMENT
Title The search for Christian credibility;
Remainder of title explorations in contemporary belief
Statement of responsibility, etc. [by] Alvin C. Porteous.
260 ## - PUBLICATION, DISTRIBUTION, ETC.
Place of publication, distribution, etc. Nashville,
Name of publisher, distributor, etc. Abingdon Press
Date of publication, distribution, etc. [1971]
300 ## - PHYSICAL DESCRIPTION
Extent 207 p.
Dimensions 20 cm.
504 ## - BIBLIOGRAPHY, ETC. NOTE
Bibliography, etc. note Includes bibliographical references.
650 #0 - SUBJECT ADDED ENTRY--TOPICAL TERM
Topical term or geographic name entry element Theology, Doctrinal.
9 (RLIN) 14
906 ## - LOCAL DATA ELEMENT F, LDF (RLIN)
a 7
b cbc
c orignew
d 2
e ncip
f 19
g y-gencatlg
942 ## - ADDED ENTRY ELEMENTS (KOHA)
Source of classification or shelving scheme Dewey Decimal Classification
Koha item type Books
Koha issues (borrowed), all copies 3
Holdings
Withdrawn status Lost status Source of classification or shelving scheme Damaged status Not for loan Home library Current Library Shelving location Date acquired Total checkouts Full call number Barcode Date last seen Date last checked out Copy number Price effective from Koha item type
    Dewey Decimal Classification     GRACE BIBLE COLLEGE GRACE BIBLE COLLEGE Theology 2016-10-26 3 230 POR 009316 2025-05-01 2023-12-16 c.1 2016-10-26 Books
© Grace Bible College Library 2025